UITU Library & LRC     

E-Commerce: business, technology, society (Record no. 15123)

MARC details
000 -LEADER
fixed length control field 00478nam a2200181Ia 4500
008 - FIXED-LENGTH DATA ELEMENTS--GENERAL INFORMATION
fixed length control field 240925s9999 xx 000 0 und d
020 ## - INTERNATIONAL STANDARD BOOK NUMBER
International Standard Book Number 9789353063153
082 ## - DEWEY DECIMAL CLASSIFICATION NUMBER
Classification number 658.872 LAU
100 ## - MAIN ENTRY--PERSONAL NAME
Personal name Laudon, Kenneth C.
245 #0 - TITLE STATEMENT
Title E-Commerce: business, technology, society
250 ## - EDITION STATEMENT
Edition statement 13th
260 ## - PUBLICATION, DISTRIBUTION, ETC.
Place of publication, distribution, etc. New Delhi:
Name of publisher, distributor, etc. Pearson Education
Date of publication, distribution, etc. ,2018.
300 ## - PHYSICAL DESCRIPTION
Extent 649p.
Other physical details 0
Type of unit Original
500 ## - GENERAL NOTE
General note Includes Index
600 ## - SUBJECT ADDED ENTRY--PERSONAL NAME
Personal name Social Sciences
650 ## - SUBJECT ADDED ENTRY--TOPICAL TERM
Topical term or geographic name entry element Management
942 ## - ADDED ENTRY ELEMENTS (KOHA)
Koha item type Books
Holdings
Withdrawn status Lost status Damaged status Not for loan Collection Home library Current library Date acquired Source of acquisition Cost, normal purchase price Total checkouts Full call number Barcode Date due Date last seen Date last checked out Price effective from Koha item type
        Managament Sciences UITU Library UITU Library 12/24/2018 Royal Book Company 1649.86 1 658.872 LAU Q12624 05/07/2026 10/29/2025 10/29/2025 09/25/2024 Books

Powered by Koha